000 002920000a22000970004500
100 1 _aAbdul Mohan, Joy Evelyn
245 1 0 _aThe longing of humanity and the peace og God : Christmas, Luke 2.1-20
300 _aVol 53, Num 1 (Marzo, 2003), Páginas 11-13
773 0 _tReformed World
942 _cANA
999 _c55628
_d55628